| 000 | 00777nac a22002171u 4500 | ||
|---|---|---|---|
| 010 | _a 98025185 | ||
| 020 | _a0078203805 | ||
| 020 | _a0078203805 | ||
| 082 | 0 | 0 |
_a621.381 _bS3862 |
| 090 |
_c91 _d91 |
||
| 100 | _aSchuler, Charles A. | ||
| 245 | 1 | 0 |
_aElectronics, principles and applications / _cCharles A. Schuler. |
| 250 | _a5th ed. | ||
| 260 |
_aNew York : _bGlencoe/McGraw-Hill, _cc1999. |
||
| 300 |
_aix, 454 p. : _bill. (some col.) ; _c29 cm. |
||
| 440 | 0 | _aBasic skills in electricity and electronics | |
| 500 | _aIncludes index. | ||
| 650 | 0 | _aElectronics. | |
| 942 |
_cBB _k621.381S3862 |
||
| 999 |
_c91 _d91 |
||